CMH Direct Flights - Statistics

General Stats
  • This quiz has been taken 8 times
  • The average score is 41 of 49
Answers on the Map
Answers color-coded by a green-red scale on the quiz's map according to % correct below.
 
Answer Stats
Answer % Correct
Detroit
100%
Los Angeles
100%
Minneapolis-St. Paul
100%
San Diego
100%
San Francisco
100%
Seattle-Tacoma
100%
Atlanta
86%
Austin
86%
Baltimore/Washington D.C.
86%
Boston
86%
Cancún
86%
Charlotte
86%
Chicago Midway
86%
Chicago O'Hare
86%
Dallas-Fort Worth
86%
Dallas Love Field
86%
Denver
86%
Fort Lauderdale-Hollywood
86%
Fort Myers
86%
Houston Bush
86%
Houston Hobby
86%
Jacksonville
86%
Kansas City
86%
Las Vegas
86%
Miami
86%
Montréal
86%
Nashville
86%
Newark-New York
86%
New York City JFK
86%
New York City LGA
86%
Orlando
86%
Philadelphia
86%
Phoenix
86%
Salt Lake City
86%
St. Louis
86%
Tampa
86%
Toronto
86%
Washington Dulles
86%
Washington Reagan
86%
Hartford
71%
Myrtle Beach
71%
Norfolk
71%
Panama City
71%
Portland
71%
Raleigh-Durham
71%
Sarasota-Bradenton
71%
Charleston
57%
Madison
57%
State College
29%
No matching quizzes found
Score Distribution
Percent of People with Each Score
Percentile by Number Answered
Your Score History
You have not taken this quiz